Managing Linux systems with Webmin : system administration and module development

Main Author: Cameron
Published: Upper Saddle River, NJ: Prentice Hall, 2004.
Series:Bruce Perens' Open source series
Subjects:
LEADER 00608cam a2200181 7i4500
001 0000039079
005 20040713090000.0
020 # 0 |a 0131408828  
090 0 0 |a QA 76.76 O63   |b C182 
100 1 # |a Cameron  
245 1 0 |a Managing Linux systems with Webmin :   |b system administration and module development   |c Jamie Camero. 
260 # # |a Upper Saddle River, NJ:   |b Prentice Hall,   |c 2004. 
300 # # |a xvi, 792 p.:   |b ill.;   |c 24 cm.. 
490 0 0 |a Bruce Perens' Open source series 
504 0 0 |a Includes index 
650 0 0 |a Linux  
650 0 0 |a Operating systems (Computers)  
999 |a 1100026712  |b Book  |c Open Shelf  |e KOLEKSI TERBUKA